000 00504nam a2200181 4500
005 20260409150013.0
008 260409b |||||||| |||| 00| 0 eng d
020 _a9789370898905
_cRs. 299.00
040 _aMAIN
082 _a181.4
_bD26H
100 _4Dasgupta, S N
245 _aHistory of Indian philosophy: Southern school of saivism
260 _aDelhi
_bFingerprint Classics Prakash Books
_c2026
300 _axxii, 233
650 _aPhilosophy
650 _aIndian Philosophy
942 _cBK
999 _c397310
_d397310